Miasta w województwie zachodniopomorskim - Statystyki

Ogólne statystyki
  • Ten quiz został rozwiązany 140 razy
    40 od ostatniego zresetowania
  • Średni wynik to 50 z 66
Statystyki odpowiedzi
Miasto Liczba mieszkańców % Poprawnych
Szczecin 385 158
100%
Gryfice 15 165
95%
Koszalin 104 872
95%
Police 29 157
95%
Świnoujście 38 360
95%
Szczecinek 37 136
95%
Wałcz 23 117
95%
Gryfino 19 454
90%
Kamień Pomorski 8090
90%
Kołobrzeg 43 225
90%
Międzyzdroje 4796
90%
Mielno 2677
90%
Sławno 11 537
90%
Stargard 65 848
90%
Świdwin 14 333
90%
Białogard 22 035
85%
Dziwnów 2267
85%
Goleniów 21 286
85%
Nowogard 15 479
85%
Pyrzyce 11 622
85%
Trzebiatów 9227
85%
Wolin 4575
85%
Barlinek 12 714
80%
Darłowo 12 283
80%
Chojna 7318
75%
Choszczno 13 700
75%
Dębno 12 709
75%
Drawsko Pomorskie 11 110
75%
Łobez 9403
75%
Nowe Warpno 1037
75%
Płoty 3649
75%
Połczyn-Zdrój 7096
75%
Biały Bór 2070
70%
Bobolice 3623
70%
Borne Sulinowo 4772
70%
Cedynia 1438
70%
Czaplinek 6562
70%
Dobra 1986
70%
Drawno 2128
70%
Kalisz Pomorski 3996
70%
Karlino 5415
70%
Mirosławiec 2948
70%
Moryń 1613
70%
Myślibórz 10 248
70%
Recz 2604
70%
Sianów 6670
70%
Trzcińsko-Zdrój 2123
70%
Tychowo 2303
70%
Barwice 3362
65%
Człopa 2097
65%
Golczewo 2468
65%
Gościno 2798
65%
Ińsko 1728
65%
Pełczyce 2416
65%
Polanów 2776
65%
Resko 3792
65%
Suchań 1389
65%
Złocieniec 11 834
65%
Chociwel 2922
60%
Dobrzany 2124
60%
Maszewo 3289
60%
Mieszkowice 3312
60%
Stepnica 2482
60%
Tuczno 1745
60%
Węgorzyno 2574
60%
Lipiany 3714
50%
Nie znaleziono quizów pasujących do podanych kryteriów
Rozkład punktacji
Procent ludzi z każdym wynikiem
Percentyl według liczby udzielonych odpowiedzi
Twoja historia wyników
Nie rozwiązałeś tego quizu od ostatniego zresetowania